LEADER 01300nam a2200253 i 4500 001 000000042402 003 CaOOAMICUS 005 20100503000000.0 008 100503s1963 it u000 u ita u 013 $a13572 040 $aSeMil$bita 245 10$aAtti del convegno di studi religiosi sardi :$bCagliari, 24-26 maggio 1962. 260 $aPadova :$bCEDAM,$c1963. 300 $aVIII, 358 p. ;$c25 cm. 490 0 $aPubblicazioni dell'Istituto di studi storici della Facoltà di magistero dell'Università di Cagliari 650 4$aSardegna - Storia religiosa.$0(OLS)http://semarc/subject/6464 650 4$aSardegna - Culto - Storia.$0(OLS)http://semarc/subject/9026 650 4$aChiesa cattolica - Clero - Sardegna.$0(OLS)http://semarc/subject/9027 700 1 $aConvegno di studi religiosi sardi <1962 ; Cagliari>.$0(OLS)http://semarc/name/20987 830 0$aPubblicazioni dell'Istituto di studi storici della Facoltà di magistero dell'Università di Cagliari.$0(OLS)http://semarc/title/22962 850 $aSeMil 852 $aSeMil$W1$xVenegono$y1$m2X IV 215$j8557$B8557$CSeMilBibl$Z2$F8557 $81 996 $6245$aAtti del convegno di studi religiosi sardi :$bCagliari, 24-26 maggio 1962$9(OLS)http://semarc/title/61817 996 $6260$aPadova :$bCEDAM$9(OLS)http://semarc/publisher/30274 LEADER 01461nam a2200301 i 4500 001 000000100519 003 CaOOAMICUS 005 20170427000000.0 008 170427s1976 it u000 u ita u 013 $a72671 040 $aSeMil$bita 245 10$aMondo e fede oggi per l'azione di evangelizzazione e di civilizzazione con la promozione umana /$cAgostino Ferrari-Toniolo. 260 $aRoma :$bPontificia Università Lateranense,$c1976. 260 $aRoma :$bCittà Nuova,$c1976. 300 $a294 p. ;$c21 cm. 490 0 $aIl fatto religioso : nella storia della salvezza ;$v4 650 4$aFede.$0(OLS)http://semarc/subject/589 650 4$aMondo.$0(OLS)http://semarc/subject/15979 650 4$aEvangelizzazione.$0(OLS)http://semarc/subject/670 650 4$aPromozione umana.$0(OLS)http://semarc/subject/3881 650 4$aChiesa - Sec. 20. - Periodo postconciliare.$0(OLS)http://semarc/subject/793 830 3$aIl fatto religioso ;$v4.$0(OLS)http://semarc/title/23131 850 $aSeMil 852 $aSeMil$W1$xVenegono$y1$m2D III 369$j57608$B57608$CSeMilBibl$Z2$F68030 $81 961 $aRecupero: Seminario di Seveso 996 $6245$aMondo e fede oggi per l'azione di evangelizzazione e di civilizzazione con la promozione umana$9(OLS)http://semarc/title/406698 996 $6260$aRoma :$bCittà Nuova$9(OLS)http://semarc/publisher/29609 996 $6260$aRoma :$bPontificia Università Lateranense$9(OLS)http://semarc/publisher/30174